Biblioteka Instytutu Północnego w Olsztynie

Widok standardowy Widok MARC

Pozycja Geographic Name

Liczba rekordów, w których użyto hasła: 1

001 - Numer kontrolny

  • control field: 40623

003 - Identyfikator numeru kontrolnego

  • control field: NUKAT

005 - Data i czas ostatniej modyfikacji

  • control field: 20260427105246.0

008 - Dane kontrolne kodowane (40 znaków)

  • fixed length control field: 050120n||azznnbabn |a ana |

010 ## - Numer kontrolny Biblioteki Kongresu

  • numer kontrolny LC: p 2004400695

034 ## - CODED CARTOGRAPHIC MATHEMATICAL DATA

  • Coordinates - westernmost longitude: E0221344
  • Coordinates - easternmost longitude: E0221344
  • Coordinates - northernmost latitude: N0500405
  • Coordinates - southernmost latitude: N0500405
  • Source: geonames

035 ## - Numer systemowy

  • numer systemowy: a10137567

035 ## - Numer systemowy

  • numer systemowy: (PL)a0000001013756

040 ## - Instytucja sporządzająca rekord

  • inst. przygot. dane do rek. khw: WA N
  • język haseł przedmiotowych/tezaurus: DBN
  • inst. wprow. rek. khw: WA N

043 ## - Kod obszaru geograficznego

  • ISO code: PL

151 ## - Hasło - nazwa geograficzna

  • nazwa geograficzna: Łańcut (woj. podkarpackie ; okolice)

368 ## - Other Attributes

  • Juris type: Miasta

451 ## - Trop zob. - nazwa geograficzna

  • nazwa geograficzna: Lan'cut

451 ## - Trop zob. - nazwa geograficzna

  • nazwa geograficzna: Landshut

451 ## - Trop zob. - nazwa geograficzna

  • nazwa geograficzna: Ланьцут

550 ## - Trop zob. też - nazwa pospolita

  • nazwa posp. lub nazwa geogr. na pocz.: Rzeszowiacy

670 ## - Źródło informacji

  • źródło informacji: Dz.U. 103/98

670 ## - Źródło informacji

  • źródło informacji: TERYT

670 ## - Źródło informacji

  • źródło informacji: Wikipedia

682 ## - Informacja o usuniętym haśle

  • tekst wyjaśniający: zmienione z:
  • zastąpione hasło: Łańcut (woj. podkarpackie ; okręg)
Biblioteka Instytutu Północnego, ul. Partyzantów 87, 10-402 Olsztyn, email: biblioteka(at)ip.olsztyn.pl